Field theory of guided waves

Guardat en:
Dades bibliogràfiques
Autor principal: Collin, Robert E (Autor)
Format: Llibre
Idioma:anglès
Publicat: Nueva York McGraw-Hill 1960
Col·lecció:International Series in Pure and Applied Physics
Matèries:
Etiquetes: Afegir etiqueta
Sense etiquetes, Sigues el primer a etiquetar aquest registre!

MARC

LEADER 00000nam a2200000 a 4500
001 UCU5533
003 CL-VaPUC
008 960604e19600000US |||||||||||||||||eng|d
082 0 4 |a 621.381  |b COL  |2 21 
100 0 |a Collin, Robert E  |e author  |9 363526 
245 1 0 |a Field theory of guided waves 
300 |a 606 p 
942 |c BK 
945 |d 19960604 00:00:00  |a cmena 
260 |a Nueva York  |b McGraw-Hill  |c 1960 
650 0 |a Ondas de radio  |9 263255 
650 0 |a Electromagnetismo   |9 260123 
650 7 |a CAMPOS ELECTROMAGNETICOS  |2 CL-VaPUC  |9 264139 
650 7 |a TEORIA SINERGETICA  |2 CL-VaPUC  |9 363527 
650 0 |a Propagación de ondas  |9 263256 
650 0 |a Amplificadores   |9 338119 
650 7 |a LONGITUD DE ONDA  |2 CL-VaPUC  |9 360856 
650 7 |a RADIACION ELECTROMAGNETICA  |2 CL-VaPUC  |9 345469 
650 7 |a RADIACION ELECTROMAGNETICA  |2 CL-VaPUC  |9 345469 
583 |a last modification  |c 19960604 00:00:00  |k Rodrigo Vera 
490 0 |a International Series in Pure and Applied Physics 
999 |c 248844  |d 248842 
952 |0 0  |1 0  |4 0  |6 621_381000000000000_COL_1960  |7 0  |8 A  |9 265740  |a BIBING  |b BIBING  |d 2019-11-19  |i 1679171  |o 621.381 COL 1960  |p 1679171  |r 2025-01-20  |w 2019-11-19  |y BK  |k EIE